[Event "Wuerttemberg-ch KT"]
[Site "Stuttgart"]
[Date "2017.09.01"]
[Round "7"]
[White "Meinhardt, Alexander"]
[Black "Fischer, Dietmar"]
[Result "0-1"]
[WhiteElo "1624"]
[BlackElo "1974"]
[PlyCount "84"]
[EventDate "2017.08.26"]
[EventType "swiss"]
[EventRounds "7"]
[EventCountry "GER"]
[SourceTitle "EXT 2019"]
[Source "ChessBase"]
[SourceDate "2018.10.10"]
[SourceVersion "1"]
[SourceVersionDate "2018.10.10"]
[SourceQuality "1"]

1. e4 c5 2. Bc4 e6 3. d3 a6 4. a3 b5 5. Ba2 Bb7 6. f4 d5 7. e5 Qh4+ 8. g3 Qd8 9. Nf3 Nh6 10. 0-0 Nf5 11. c3 d4 12. Qe2 Nc6 13. c4 h5 14. cxb5 axb5 15. Bd2 Be7 16. Rc1 Rh6 17. b4 cxb4 18. Ng5 bxa3 19. g4 hxg4 20. Qxg4 Rh4 21. Qe2 Bxg5 22. fxg5 Ne3 23. Bxe3 dxe3 24. Qxe3 Qd4 25. Qxd4 Rxd4 26. Rc3 b4 27. Rb3 Na5 28. Nd2 Nxb3 29. Nxb3 Rg4+ 30. Kf2 Bd5 31. Ke3 Rg2 32. Nd2 Bxa2 33. Rxa2 b3 34. Ra1 b2 35. Rf1 a2 36. Nc4 b1Q 37. Nd6+ Kd7 38. Rxf7+ Kc6 39. Ne4 a1Q 40. Rxg7 Qxe5 41. Rg6 Qe1+ 42. Kf3 Qe2# 0-1

[Event "Wuerttemberg-ch KT"]
[Site "Stuttgart"]
[Date "2016.08.29"]
[Round "3"]
[White "Mayer, Dietmar"]
[Black "Fischer, Dietmar"]
[Result "0-1"]
[WhiteElo "1668"]
[BlackElo "1944"]
[PlyCount "54"]
[EventDate "2016.08.27"]
[EventType "swiss"]
[EventRounds "9"]
[EventCountry "GER"]
[SourceTitle "EXT 2017"]
[Source "ChessBase"]
[SourceDate "2016.10.25"]
[SourceVersion "1"]
[SourceVersionDate "2016.10.25"]
[SourceQuality "1"]

1. Nf3 c5 2. b3 g6 3. Bb2 Nf6 4. c4 Bg7 5. g3 0-0 6. Bg2 Nc6 7. 0-0 d6 8. d4 Nd7 9. e4 Re8 10. Re1 cxd4 11. Nxd4 Qb6 12. e5 Bxe5 13. Re4 Nf6 14. Rh4 g5 15. Nf3 gxh4 16. Nc3 hxg3 17. hxg3 Ne4 18. Nxe4 Bxb2 19. Nfg5 Bf5 20. Nxh7 Bxa1 21. Neg5 Qd4 22. Qf3 Bg6 23. Bh3 Ne5 24. Nf6+ exf6 25. Qxf6 Qd1+ 26. Kg2 Nd3 27. Bf5 Bxf6 0-1